Peňažné prostriedky v účtovníctve podnikateľov

Na minha lista:
Detalhes bibliográficos
Autor principal: Juhászová, Zuzana, 1970-
Formato: Livro
Idioma:eslovaco
Publicado em: Bratislava Iura Edition 2007
Colecção:Bedeker účtovníctva 2
Assuntos:
Tags: Adicionar Tag
Sem tags, seja o primeiro a adicionar uma tag!

MARC

LEADER 00000nam$a2200000$$$4500
001 0053343
005 20240502071621.3
020 |a 978-80-8078-134-7 
041 0 |a slo 
044 |a SK 
245 1 0 |a Peňažné prostriedky v účtovníctve podnikateľov  |c Zuzana Juhászová 
264 1 |a Bratislava  |b Iura Edition  |c 2007 
300 |a 102 s. 
490 1 |a Bedeker účtovníctva 2 
830 0 |a Bedeker účtovníctva 2 
610 2 0 |a účtovníctvo 
610 2 0 |a účtovanie 
610 2 0 |a prostriedky peňažné 
610 2 0 |a pokladnica 
610 2 0 |a oceňovanie 
610 2 0 |a účty bankové 
610 2 0 |a účtovníctvo podvojné 
610 2 0 |a podnikanie 
100 1 |a Juhászová, Zuzana, 1970-